00419nam a2200157Ia 4500001000500000005001700005008004100022041000800063082001500071100002700086245009500113260000900208300002800217650000800245654000800253460520260306145808.0260306t2016||||xx |||||||||||||| ||spa|| aESP a327.1bV63 aVidarte A., OscareAUT 0aEl Perú, las Américas y el mundo 2014-2015:bopinión pública y política exterior c2016 a139 páginas :c20 cm. aGEN aCHU